000 01518cam a2200181 4500
001 L129323
008 050412n2005 000 0 eng u
035 _a(Sirsi) u129323
041 _aeng
110 _aDepartment for Environment Food and Rural Affairs
_94094
245 _aFarm business survey
_bEngland
260 _aLondon
_bDEFRA
_c2005
520 _aThe "Farm business survey - England"(FBS) provides data on the financial position and physical and economic performance of farm businesses in England to inform policy decisions on matters affecting farm business and to enable analysis of the impacts of policy options. The primary objective the of survey results is to contrast the performance or other business characteristics of different farm groupings. The FBS provides information on: profitability and performance of farm business; costs; revenues and margins of farms and farm enterprises and location; physical and environmental characteristics of the farm. Offers further data on machinery, labour use and contracting arrangements, assets, liabilities and debt servicing, outputs and costs of non-agricultural farm activities and other sources of farmer/spouse income. Crop and livestock headings are very detailed and costs are recorded at a generally broader level.
590 _aIKA150405
690 _aENVIRONMENTAL AND LAND CONSULTANCY-AGRIBUSINESS
856 _uhttps://www.farmbusinesssurvey.co.uk/index.html
_zView the survey free of charge at www.farmbusinesssurvey.co.uk...
942 _n0
999 _c104148
_d104148